Reengineering and total quality in schools : how to reform and restructure your school to meet the challenge of the future

Αποθηκεύτηκε σε:
Λεπτομέρειες βιβλιογραφικής εγγραφής
Άλλοι συγγραφείς: Davies, Brent 1949- (Επιμελητής έκδοσης), West-Burnham, John 1946- (Επιμελητής έκδοσης)
Μορφή: Βιβλίο
Γλώσσα:English
Δημοσίευση: London : Pitman Publishing, 1997
Σειρά:School leadership and management series
Θέματα:
Ετικέτες: Προσθήκη ετικέτας
Δεν υπάρχουν, Καταχωρήστε ετικέτα πρώτοι!

MARC

LEADER 00000nam a2200000 i 4500
001 1/96572
008 991215s1997 eng d
020 |a 0-273-62410-5 
035 |l 10055813 
040 |a GR-MY-UA  |b gre  |e aacr 
041 0 |a eng 
082 0 |a 371.200941 
245 1 0 |a Reengineering and total quality in schools :  |b how to reform and restructure your school to meet the challenge of the future /  |c edited by Brent Davies, John West-Burnham 
260 |a London :   |b Pitman Publishing,   |c 1997 
300 |a 239 p. 
490 1 |a School leadership and management series 
650 0 0 |a School management and organization  |z Great Britain  |x Case studies. 
650 0 0 |a Total quality management  |z Great Britain  |x Case studies. 
650 0 0 |a Educational change  |z Great Britain  |x Case studies. 
700 1 |a Davies, Brent  |d 1949-  |4 edt 
700 1 |a West-Burnham, John  |d 1946-  |4 edt 
830 0 |a School leadership and management series 
852 |a INST  |b RHODES  |e 19991215  |h 372.200941 REE  |p 005400012496  |q 005400012496  |t BK  |y 0 
901 |a BIBL4-2000-1 
909 |a Ρ  |b 069212 
922 |a 4ΕΛΗ  |b 199909  |c ΚΠΣ/154  |d GLORY BOOKS 
970 |a ΚΟΥΛΑΚΙΟΤΗ  |b ΛΙΤΣΑ  |z 2000/01/13